000 00980nam a2200265Ia 4500
003 OSt
005 20220923211224.0
006 a|||||r|||| 00| 0
007 ta
008 220922b |||||||| |||| 00| 0 hin d
020 _a9788170281528 (hbk)
_c800
024 _a256,863
037 _b274, 16/12/2011, Vani Prakashan
_cTextual
040 _aARTS
_cARTS
_bhin
041 _2hin
_ahin
082 _aO152,2N251x, N3;Q0
100 _aजैन, नेमिचंद्र, संपा.
_9159920
245 0 _aमोहन राकेश के संपूर्ण नाटक
246 _aMohan rākesh ke sanpūrṇa nāṭaka
260 _aदिल्ली
_b राजपाल
_c2010
300 _a469पृ.
_ccm.
650 _aहिन्दी साहित्य
_9156264
942 _hO152,2N251x, N3;Q0
_cTEXL
_2CC
999 _c297204
_d297204